Statistics for Flags of Communist Countries

Click here to take the quiz!

General Stats

  • This quiz has been taken 1,453 times
    (1,423 since last reset)
  • The average score is 21 of 25

Answer Stats

Answer% Correct
China
100%
North Korea
99%
North Vietnam / Vietnam
99%
Cuba
98%
Albania
97%
Poland
97%
Soviet Union
97%
Laos
95%
East Germany
94%
Romania
94%
Bulgaria
93%
Hungary
91%
Czechoslovakia
90%
Angola
89%
Yugoslavia
88%
Mongolia
85%
Somalia
85%
Kampuchea
82%
Grenada
70%
Ethiopia
69%
Afghanistan
68%
Mozambique
61%
South Yemen
57%
Benin
44%
Republic of the Congo
39%

Score Distribution

Percentile by Number Answered

Percent of People with Each Score

Your Score History

You have not taken this quiz since the last reset